Animated Shows & Movies By Clue - Statistics

General Stats
  • This quiz has been taken 40 times
  • The average score is 5 of 10
Answer Stats
Clue Show/Movie % Correct
About a green ogre and his pet donkey Shrek
86%
About a family living in a city called Quahog Family Guy
83%
Like the previous show, except the people are yellow The Simpsons
83%
About a yellow sponge and his friend, a starfish Spongebob Sqaurepants
69%
About a family who runs a resturant for a living Bob's Burgers
53%
About a character from show 2 The Cleveland Show
44%
Netflix original about a kid going through puberty Big Mouth
42%
Netflix original that's about a police department Paradise PD
19%
About a cup and fries box who can talk Aquateen Hunger Force
11%
About a police department in the forest Brickleberry
11%
No matching quizzes found
Score Distribution
Percent of People with Each Score
Percentile by Number Answered
Your Score History
You have not taken this quiz